Sistema inteligente de alarma, C.C.T.V. y detección de incendios para las nuevas instalaciones de la Escuela de Ingeniería Eléctrica
Guardado en:
| Hovedforfatter: | |
|---|---|
| Format: | Bog |
| Udgivet: |
[San José, Costa Rica]
2003
|
| Fag: | |
| Tags: |
Tilføj Tag
Ingen Tags, Vær først til at tagge denne postø!
|
MARC
| LEADER | 00000nam a2200000Ia 4500 | ||
|---|---|---|---|
| 003 | 009298 | ||
| 005 | 20221231144140.0 | ||
| 008 | 140114s2003 cr a m 000 ||s d | ||
| 040 | |c cru CEDI | ||
| 090 | |a TFG 4837 | ||
| 100 | |a Aragón González, Manuel Emilio |9 6576 | ||
| 245 | |a Sistema inteligente de alarma, C.C.T.V. y detección de incendios para las nuevas instalaciones de la Escuela de Ingeniería Eléctrica | ||
| 260 | |c 2003 |a [San José, Costa Rica] | ||
| 300 | |a xi, 88 hojas, 9 hojas de láminas (plegables) : ilustraciones, planos | ||
| 500 | |a Proyecto de graduación (bachillerato en ingeniería eléctrica)--Universidad de Costa Rica. Facultad de Ingeniería. Escuela de Ingeniería Eléctrica | ||
| 650 | |x Universidad de Costa Rica. Escuela de Ingeniera Elctrica Materia |x SISTEMAS ELECTRONICOS DE ALARMA |x INCENDIOS |x MEDIDAS DE SEGURIDAD |9 6577 | ||
| 942 | |c TFG | ||
| 999 | |c 17596 |d 17596 | ||
